| 000 | 00428 a2200157 4500 | ||
|---|---|---|---|
| 003 | NUST | ||
| 005 | 20230309130149.0 | ||
| 040 | _cNust | ||
| 082 | _a891.439,QUR | ||
| 100 |
_aQuratulain, Haider _976664 |
||
| 245 |
_aChandni Begum / چاندنی بیگم (Urdu) / _cQurratulain Hyde |
||
| 260 |
_aLahore _bSangee- Meel _c1990 |
||
| 300 | _a424 p.; | ||
| 650 |
_aUrdu Literature _xAfsana _9110072 |
||
| 942 |
_2ddc _cBK _k891.439,QUR |
||
| 999 |
_c188066 _d188066 |
||